| 000 | 00513nam a2200205Ia 4500 | ||
|---|---|---|---|
| 003 | 0100 | ||
| 008 | 130307s9999 xx 000 0 und d | ||
| 020 | _a0829406239 | ||
| 040 | _cARRUPELIB | ||
| 050 | _aHQ767.15.S38 1990 | ||
| 100 | _aSchwarz, Stephen D | ||
| 245 | 4 | _aThe moral question of abortion | |
| 260 | _aChicago : | ||
| 260 | _bLoyola University Press | ||
| 260 | _cc1990. | ||
| 300 | _axiii | ||
| 300 | _b290 p. : ill. 23 cm. | ||
| 650 | _bPastoral theology - Catholic Church | ||
| 942 | 0 | 0 | _02 |
| 999 |
_c99588 _d99588 |
||